| 000 | 01428cam a2200277 a 4500 | ||
|---|---|---|---|
| 001 | 15522142 | ||
| 005 | 20090610192945.0 | ||
| 008 | 081114s2009 enkab b 001 0 eng | ||
| 020 | _a9781844077106 (hardback) | ||
| 020 | _a1844077101 (hardback) | ||
| 035 | _a(OCoLC)ocn273817708 | ||
| 040 |
_aDLC _cDLC _dUKM _dBTCTA _dYDXCP _dBWKUK _dBWK _dSGB _dBWX _dDLC |
||
| 082 | 0 | 0 |
_a333.92 _222 _bWIN |
| 245 | 0 | 0 |
_aWind Energy-- the Facts : _bA Guide to the Technology, Economics and Future of Wind Power / _cEuropean Wind Energy Association (EWEA). |
| 260 |
_aLondon ; _aSterling, VA : _bEarthscan, _c2009. |
||
| 300 |
_axx, 568 p. : _bill. (some col.), maps ; _c26 cm. |
||
| 504 | _aIncludes bibliographical references (p. [541]-555) and index. | ||
| 505 | 0 | _aExecutive summary -- Technology -- Grid integration -- The economics of wind power -- Industry and markets -- Environmental issues -- Scenarios and targets -- Appendices. | |
| 650 | 0 |
_aWind power industry _zEuropean Union countries. _928680 |
|
| 650 | 0 |
_aWind power _zEuropean Union countries. _928681 |
|
| 653 |
_bEle _cFebruary2012 |
||
| 710 | 2 |
_aEuropean Wind Energy Association. _928682 |
|
| 942 |
_2ddc _cBB |
||
| 999 |
_c16409 _d16409 |
||